Za profesorom Štefanom Kimličkom

Bibliographic Details
Main Author: Lipták, Jozef, 1945- (Author)
Format: Article
Language:Slovak
ISSN:1335-7026
Subjects:
Online Access:http://www.snk.sk/images/snk/casopis_kniznica/2007/januar/58.pdf

MARC

LEADER 00000nab a2200000 a 4500
001 vtls008959383
003 SK-MaSNL
005 20260305000637.0
008 231006c2007 xo mr|p|||||||000 b|slo
015 |a SNBRB2007/03  |2 snkbucl 
038 |a SNKBUCL 
040 |a SNKBUCL  |b slo  |c SNKBUCL  |e AACR2 
041 0 |a slo 
044 |a xo  |c SK 
080 |a 002.6-051  |2 2001 
080 |a 929 Kimlička, Štefan  |2 2001 
100 1 |a Lipták, Jozef,  |d 1945-  |4 aut  |9 37837 
245 1 0 |a Za profesorom Štefanom Kimličkom  |c Jozef Lipták 
600 1 7 |a Kimlička, Štefan,  |d 1943-2006  |2 snkbucl  |9 264216 
773 0 |t Knižnica  |g Roč. 8, č. 1 (2007), s. 58-59  |x 1335-7026 
852 |a SNK  |b KIS3GCP 
856 4 1 |u http://www.snk.sk/images/snk/casopis_kniznica/2007/januar/58.pdf 
958 |a KL 
958 |a BX 
958 |a OND 
958 |a EUIPO 
999 |c 3214902  |d 3216832